01645nab a22002297a 4500003000400000005001700004008004100021040000700062100002400069245018700093260007300280300001300353500002800366505066100394505008201055650001801137650002301155650003001178650002801208650002901236773015001265OSt20251222105405.0190429b xxu||||| |||| 00| 0 spa d cPJ aVillalba, Gisela P.10aGénero, discapacidad y legítima defensa. Una lectura interseccional del proceso penal argentino desde los derechos humanos y la perspectiva de género / cGisela Paola Villalba. cCiudad Autónoma de Buenos Aires :aThomson Reuters La Ley, b2025. ap. 27-39 aCita: AR/DOC/1623/2025. aSumario: I. Introducción.— II. El enfoque interseccional en el proceso penal: implicancias en casos de legítima defensa ejercida por mujeres con discapacidad.— III. Legítima defensa y violencia de género en contextos de discapacidad.— IV. El enfoque interseccional como herramienta de análisis jurídico en el proceso penal.— V. La articulación entre perspectiva de género y de discapacidad: el enfoque interseccional como herramienta jurídica.— VI. Propuestas normativas e institucionales para la incorporación estructural de la perspectiva interseccional.— VII. Consideraciones finales.— VIII. Bibliografía y normativa. tSi te interesa el texto completo, solicitalo a koha@justierradelfuego.gov.ar  0aDERECHO PENAL 0aLEGÍTIMA DEFENSA 0aPERSONAS CON DISCAPACIDAD 0aPERSPECTIVA DE GÉNERO 0aDERECHOS DE LA VÍCTIMA0 02658tRevista de derecho penal y criminología. Nº 7 - Agosto 2025dCiudad Autónoma de Buenos Aires : Thomson Reuters La Ley, 2017-x00347914